| 000 | 01151nam0a22002771 4500 | ||
|---|---|---|---|
| 001 | rc\4893210 | ||
| 005 | 20250613031919.0 | ||
| 021 |
_aRU _b[61-43071] |
||
| 035 | _a(NLR Aleph) 008923926 | ||
| 090 |
_a8841780 _c8841780 |
||
| 100 | _a20130426d1961 |||y0rusy50 ca | ||
| 101 | 0 | _arus | |
| 102 | _aRU | ||
| 105 | _aa z ||||| | ||
| 200 | 1 |
_aКурс теории колебаний _e[Для машиностроит., электротехн. и строит. специальностей втузов СССР] |
|
| 210 |
_aМосква _cВысш. школа _d1961 |
||
| 215 |
_a207 с. _cчерт. _d22 |
||
| 300 | _aПеред загл. авт.: д-р техн. наук проф. А.А. Яблонский, д-р техн. наук проф. С.С. Норейко | ||
| 606 |
_aКолебания _jУчебники и пособия _2psbo |
||
| 700 | 1 |
_aЯблонский _bА.А. _f1903-1995 _gАлександр Александрович |
|
| 701 | 1 |
_aНорейко _bС.С. _gСигизмунд Сильвестрович |
|
| 801 | 0 |
_aRU _bNLR _gpsbo |
|
| 801 | 1 |
_aRU _bELAR _2rusmarc |
|
| 852 |
_aNLR _j61-5/2854 |
||
| 942 | _cBOOK | ||
| 980 | _aNB | ||